[Event "Julius Baer Rapid Div 3 L"]
[Site "chess.com INT"]
[Date "2023.08.31"]
[Round "3.2"]
[White "Kramnik, Vladimir"]
[Black "Andreikin, Dmitry"]
[Result "0-1"]
[WhiteTitle "GM"]
[BlackTitle "GM"]
[WhiteElo "2753"]
[BlackElo "2729"]
[WhiteFideId "4101588"]
[BlackFideId "4158814"]
[EventDate "2023.08.30"]
[EventType "k.o."]

1. e4 e5 2. Nf3 Nc6 3. Bb5 a6 4. Ba4 d6 5. c3 Bd7 6. O-O Nf6 7. Re1 g6 8. d4 Bg7
9. Bg5 h6 10. Bh4 O-O 11. Nbd2 Qe8 12. Bc2 Nh5 13. Nf1 Bg4 14. Ne3 Bxf3 15. Qxf3
exd4 16. Nd5 Qd7 17. Rad1 Rae8 18. Qe2 dxc3 19. bxc3 Ne5 20. Bb3 Kh7 21. Kh1 c6
22. Ne3 Nf4 23. Qc2 Qc7 24. Bg3 Nh5 25. Qd2 Nxg3+ 26. hxg3 Nd7 27. Nc4 d5 28.
exd5 cxd5 29. Qxd5 Rxe1+ 30. Rxe1 Nc5 31. Bc2 Rd8 32. Qf3 Ne6 33. Bb3 b5 34. Ne3
Qxc3 35. Rf1 Qf6 36. Qc6 Ng5 37. Qxf6 Bxf6 38. Nd5 Kg7 39. Rc1 Bd4 40. f3 Ne6
41. Rc6 Nc5 42. Nc7 Nxb3 43. axb3 Be5 44. Nxa6 Bxg3 45. Rc1 Rd3 46. Nc5 Re3 47.
Ne4 Bf4 48. Rb1 b4 49. Kg1 h5 50. g3 Be5 51. Kf2 Bd4 52. Kg2 Rd3 53. Nd6 Rd2+
54. Kh3 Rd3 55. f4 Be3 56. Ne4 Bxf4 57. Kg2 f5 58. Nc5 Rxg3+ 59. Kf2 Kf6 60. Re1
Rc3 61. Nd7+ Kf7 0-1

[Event "Julius Baer Rapid Div 3 L"]
[Site "chess.com INT"]
[Date "2023.08.31"]
[Round "3.3"]
[White "Santos Latasa, Jaime"]
[Black "Kuzubov, Yuriy"]
[Result "1/2-1/2"]
[WhiteTitle "GM"]
[BlackTitle "GM"]
[WhiteElo "2647"]
[BlackElo "2625"]
[WhiteFideId "2293307"]
[BlackFideId "14112906"]
[EventDate "2023.08.30"]
[EventType "k.o."]

1. c4 e6 2. g3 d5 3. Bg2 c6 4. Nf3 Nf6 5. O-O Be7 6. b3 O-O 7. Bb2 a5 8. Nc3 d4
9. Na4 c5 10. e3 Nc6 11. exd4 cxd4 12. Re1 Rb8 13. d3 b6 14. Rc1 Ba6 15. Ng5 Bb7
16. Ne4 Nxe4 17. Bxe4 Nb4 18. a3 Na6 19. Bxb7 Rxb7 20. Qf3 Rd7 21. Rb1 Nc5 22.
Bc1 Nxa4 23. bxa4 Bc5 24. Rb5 Qa8 25. Qxa8 Rxa8 26. Bd2 Kf8 27. f4 g6 28. Re5
Rc7 29. Kg2 Ke7 30. Re1 f5 31. Reb1 Rc6 32. Kf3 Kd7 33. Bc1 Re8 34. Bd2 e5 35.
Re1 exf4 36. Rxe8 Kxe8 37. Bxf4 Kd7 38. h4 Re6 39. Bd2 Kc6 40. Rb3 h5 41. Kf2
Bd6 42. Bc1 Re8 43. Rb1 Re6 44. Rb3 Re8 45. Bb2 Bc5 46. Bc1 Bd6 1/2-1/2

[Event "Julius Baer Rapid Div 3 L"]
[Site "chess.com INT"]
[Date "2023.08.31"]
[Round "3.3"]
[White "Theodorou, Nikolas"]
[Black "Makarian, Rudik"]
[Result "1-0"]
[WhiteTitle "GM"]
[BlackTitle "IM"]
[WhiteElo "2604"]
[BlackElo "2548"]
[WhiteFideId "4262875"]
[BlackFideId "44105681"]
[EventDate "2023.08.30"]
[EventType "k.o."]

1. Nf3 Nf6 2. b3 d5 3. Bb2 Bf5 4. g3 e6 5. Bg2 h6 6. O-O Be7 7. d3 O-O 8. Nc3
Bh7 9. e4 dxe4 10. Ne5 Nbd7 11. Nxe4 Nxe5 12. Bxe5 Nxe4 13. Bxe4 Bxe4 14. dxe4
Bf6 15. Qxd8 Rfxd8 16. Bxf6 gxf6 17. Rad1 Kf8 18. Kg2 Rd6 19. Rxd6 cxd6 20. Rd1
Ke7 21. c4 a6 22. Kh3 b5 23. cxb5 axb5 24. Rd2 b4 25. Kh4 Ra5 26. f4 f5 27. exf5
Rxf5 28. h3 Rb5 29. g4 f6 30. Kg3 d5 31. Kh4 e5 32. fxe5 fxe5 33. Kh5 e4 34.
Kxh6 Ke6 35. g5 Ke5 36. g6 d4 37. g7 Rb8 38. Rf2 Rg8 39. Rf8 Rxg7 40. Kxg7 e3
41. Rd8 Ke4 42. h4 e2 43. h5 Kf5 44. Re8 d3 45. h6 d2 46. h7 d1=Q 47. h8=Q Qd7+
48. Kh6 Qd6+ 49. Kg7 Qd7+ 50. Kf8 Qxe8+ 51. Kxe8 e1=Q+ 52. Kf8 Qc3 53. Qh7+ Kf4
54. Qh6+ Ke4 55. Qg6+ Ke3 56. Qb6+ Kd2 57. Kf7 Kc1 58. Qf2 Kb1 59. Ke6 Ka1 60.
Qa7 Qb2 61. Kd5 Qxa2 62. Qd4+ Kb1 63. Qxb4 Kb2 64. Kc4 Qa6+ 65. Kd4 Qf6+ 66. Kd5
Qf7+ 67. Ke5 Qxb3 68. Qd2+ Ka3 69. Qa5+ Qa4 70. Qc3+ Qb3 71. Qa1+ Kb4 72. Kd6
Qc4 73. Qb2+ Ka5 74. Qe5+ Ka6 75. Ke7 Qc6 1-0

[Event "Julius Baer Rapid Div 3 L"]
[Site "chess.com INT"]
[Date "2023.08.31"]
[Round "3.3"]
[White "Bortnyk, Olexandr"]
[Black "Lupulescu, Constantin"]
[Result "1-0"]
[WhiteTitle "GM"]
[BlackTitle "GM"]
[WhiteElo "2608"]
[BlackElo "2581"]
[WhiteFideId "14120828"]
[BlackFideId "1207822"]
[EventDate "2023.08.30"]
[EventType "k.o."]

1. e4 c5 2. c3 Nf6 3. e5 Nd5 4. Bc4 e6 5. Nf3 d6 6. O-O Nb6 7. Bb3 Nc6 8. d4
cxd4 9. Bg5 Be7 10. Bxe7 Nxe7 11. cxd4 dxe5 12. dxe5 Qxd1 13. Rxd1 Bd7 14. Nc3
Bc6 15. Nd4 Ng6 16. Nxc6 bxc6 17. Re1 Ke7 18. g3 Rhd8 19. Re2 a5 20. a3 Rab8 21.
Ba2 Rd4 22. f4 Nf8 23. Rc1 Nfd7 24. Ne4 c5 25. Nd6 c4 26. Nxc4 Nxc4 27. Bxc4 Rc8
28. Rec2 g5 29. fxg5 Nxe5 30. Be2 Rb8 31. Kg2 Rd7 32. Rc5 Nd3 33. Bxd3 Rxd3 34.
R1c2 Rdb3 35. Rc7+ Ke8 36. Rf2 Rxb2 37. Rxf7 Rxf2+ 38. Rxf2 Rb3 39. a4 Ra3 40.
Rf4 Ra2+ 41. Kh3 e5 42. Re4 Kf7 43. Rxe5 Rxa4 44. g4 Ra1 45. Kh4 Ra2 46. h3 Ra3
47. Rf5+ Kg6 48. Rf6+ Kg7 49. Ra6 Kf7 50. Ra8 Kg7 51. Ra7+ Kg6 52. Rb7 a4 53.
Rb6+ Kf7 54. Rh6 Kg7 55. Ra6 Kf7 56. Ra8 Kg7 57. Ra5 Kg6 58. Ra7 Ra1 59. Ra6+
Kg7 60. Kh5 a3 61. g6 hxg6+ 62. Rxg6+ Kf7 63. Ra6 a2 64. h4 Kg7 65. g5 Kf7 66.
Ra7+ Kf8 67. g6 Ke8 68. g7 Rg1 69. Kh6 1-0

[Event "Julius Baer Rapid Div 3 L"]
[Site "chess.com INT"]
[Date "2023.09.01"]
[Round "4.1"]
[White "Salinas Herrera, Pablo"]
[Black "Bortnyk, Olexandr"]
[Result "1-0"]
[WhiteTitle "GM"]
[BlackTitle "GM"]
[WhiteElo "2460"]
[BlackElo "2608"]
[WhiteFideId "3407128"]
[BlackFideId "14120828"]
[EventDate "2023.08.30"]
[EventType "k.o."]

1. d4 Nf6 2. Nf3 g6 3. Nbd2 d5 4. e3 Bg7 5. b4 a5 6. b5 a4 7. c4 c6 8. Be2 O-O
9. O-O Bf5 10. Ba3 Re8 11. Qc1 Nbd7 12. Qb2 e5 13. bxc6 bxc6 14. Qb7 Ne4 15.
cxd5 Nc3 16. Ba6 cxd5 17. Rfc1 Qa5 18. Bf1 Reb8 19. Qc6 Rc8 20. Qb7 Rcb8 21. Qc6
Rc8 22. Qb7 Rab8 23. Qa6 Qd8 24. Nxe5 Nxe5 25. dxe5 Bxe5 26. Nf3 Ra8 27. Qb7 Bf6
28. Nd4 Rab8 29. Qa6 Bxd4 30. exd4 Ra8 31. Qd6 Qxd6 32. Bxd6 a3 33. f3 Bd7 34.
Bc5 Nb5 35. Rab1 Rab8 36. Rb3 Rb7 37. Re1 Rcb8 38. Re7 Bc6 39. Rxb7 Rxb7 40. Kf2
f6 41. Bd3 Kf7 42. Ke3 Ke6 43. g4 Kd7 44. h4 Ke6 45. Kf4 Kf7 46. h5 Kg7 47. hxg6
hxg6 48. Ke3 Kf7 49. Bxa3 Nxa3 50. Rxa3 Re7+ 51. Kd2 g5 52. Ra6 Rc7 53. a4 Ke7
54. a5 Kd7 55. Rb6 Ra7 56. a6 Kc7 57. Rb1 Kd6 58. Rb8 Ra8 59. Rxa8 Bxa8 60. Bb5
Bc6 61. Bxc6 Kxc6 62. Kc3 Kc7 63. Kb4 Kb6 64. a7 Kxa7 65. Kc5 1-0

[Event "Julius Baer Rapid Div 3 L"]
[Site "chess.com INT"]
[Date "2023.09.01"]
[Round "4.1"]
[White "Bacrot, Etienne"]
[Black "Andreikin, Dmitry"]
[Result "0-1"]
[WhiteTitle "GM"]
[BlackTitle "GM"]
[WhiteElo "2660"]
[BlackElo "2729"]
[WhiteFideId "605506"]
[BlackFideId "4158814"]
[EventDate "2023.08.30"]
[EventType "k.o."]

1. e4 e5 2. Nf3 Nc6 3. Bb5 Nf6 4. O-O Nxe4 5. d4 Nd6 6. Bxc6 dxc6 7. dxe5 Nf5 8.
Qxd8+ Kxd8 9. h3 Ke8 10. Nc3 Ne7 11. Rd1 Ng6 12. b3 Be7 13. Ne2 h5 14. Bb2 h4
15. Rd2 a5 16. Kf1 a4 17. Rad1 axb3 18. axb3 Rh5 19. c4 b6 20. e6 f6 21. Nfd4
Bb7 22. g4 hxg3 23. Nxg3 Rxh3 24. Ndf5 Bc8 25. Re2 Rh7 26. Re4 Ra2 27. Bc3 Bc5
28. Bd4 Ne5 29. b4 Bxd4 30. Nxd4 g6 31. f4 Nxc4 32. Nxc6 Nd2+ 33. Ke1 Nf3+ 34.
Kf1 Ba6+ 35. Re2 Bxe2+ 36. Nxe2 Rh1+ 37. Ng1 Rxg1# 0-1

[Event "Julius Baer Rapid Div 3 L"]
[Site "chess.com INT"]
[Date "2023.09.01"]
[Round "4.1"]
[White "Kamsky, Gata"]
[Black "Kuzubov, Yuriy"]
[Result "1/2-1/2"]
[WhiteTitle "GM"]
[BlackTitle "GM"]
[WhiteElo "2641"]
[BlackElo "2625"]
[WhiteFideId "2000024"]
[BlackFideId "14112906"]
[EventDate "2023.08.30"]
[EventType "k.o."]

1. d4 Nf6 2. Bf4 e6 3. e3 d5 4. Nf3 c5 5. c3 Nc6 6. Nbd2 Nh5 7. Be5 f6 8. Bg3
cxd4 9. cxd4 g6 10. a3 Nxg3 11. hxg3 Bg7 12. Bd3 O-O 13. O-O g5 14. b4 g4 15. b5
Ne7 16. Ne1 f5 17. Be2 Ng6 18. Nd3 h5 19. f4 Rf7 20. Kf2 Bf8 21. Rh1 Rh7 22. Nb3
Bd7 23. a4 Rc8 24. Rc1 Rxc1 25. Qxc1 h4 26. gxh4 Rxh4 27. g3 Rxh1 28. Qxh1 b6
29. Ne5 Be8 30. Nxg6 Bxg6 31. Nc1 Bd6 32. Nd3 Kg7 33. Ne5 Bxe5 34. dxe5 Be8 35.
Qc1 Bd7 36. Ke1 Qc8 37. Qa3 Qf8 38. Qc3 Qc8 39. Qd4 Kf7 40. Kd2 Qc7 41. Qb4 Bc8
42. Bd3 Ke8 43. Qa3 Qe7 44. Qc3 Kd8 45. a5 Qc7 46. axb6 Qxc3+ 47. Kxc3 axb6 48.
Kd4 Bd7 49. Be2 Ke7 50. Bd3 Be8 51. Be2 Bd7 52. Bd3 Be8 53. Be2 Bd7 1/2-1/2

[Event "Julius Baer Rapid Div 3 L"]
[Site "chess.com INT"]
[Date "2023.09.01"]
[Round "4.1"]
[White "Giri, Anish"]
[Black "Theodorou, Nikolas"]
[Result "1-0"]
[WhiteTitle "GM"]
[BlackTitle "GM"]
[WhiteElo "2760"]
[BlackElo "2604"]
[WhiteFideId "24116068"]
[BlackFideId "4262875"]
[EventDate "2023.08.30"]
[EventType "k.o."]

1. e4 e6 2. d4 d5 3. e5 c5 4. c3 Nc6 5. Nf3 Bd7 6. Be2 Nge7 7. O-O Nf5 8. dxc5
a5 9. Na3 Bxc5 10. Nb5 O-O 11. Bd3 Qb6 12. a4 Na7 13. Nbd4 Nc6 14. Nb3 Be7 15.
Re1 Rad8 16. Bxf5 exf5 17. Be3 Qc7 18. Qd2 Rfe8 19. Bf4 Be6 20. Nbd4 Nxd4 21.
Nxd4 Rd7 22. Re3 Kh8 23. Rg3 Rg8 24. Re1 Bh4 25. Rh3 g5 26. Rxh4 gxh4 27. Bg5
Rg6 28. Bxh4 Kg8 29. Bf6 Qc8 30. h3 Qf8 31. Kh2 Rc7 32. f4 Rc4 33. b3 Rc8 34.
Re3 Qh6 35. Rf3 b6 36. Qd3 Qh5 37. Qa6 Re8 38. Qxb6 h6 39. Qc6 Rc8 40. Qb7 Re8
41. b4 axb4 42. cxb4 Kh7 43. Nxe6 Rxf6 44. Nc7 Rg8 45. exf6 Qg6 46. Rf2 Qg3+ 47.
Kg1 Qe3 48. Qxd5 Kh8 49. Nb5 h5 50. Qf3 Qe1+ 51. Kh2 Rg6 52. Re2 Qh4 53. Nd6
Qxf6 54. Qxh5+ 1-0

[Event "Julius Baer Rapid Div 3 L"]
[Site "chess.com INT"]
[Date "2023.09.01"]
[Round "4.2"]
[White "Kuzubov, Yuriy"]
[Black "Kamsky, Gata"]
[Result "1/2-1/2"]
[WhiteTitle "GM"]
[BlackTitle "GM"]
[WhiteElo "2625"]
[BlackElo "2641"]
[WhiteFideId "14112906"]
[BlackFideId "2000024"]
[EventDate "2023.08.30"]
[EventType "k.o."]

1. d4 d5 2. Nf3 Nf6 3. c4 c6 4. Nc3 a6 5. Qc2 Bg4 6. Ne5 Be6 7. cxd5 Nxd5 8. e3
Nd7 9. Nxd7 Bxd7 10. Bd2 Nxc3 11. Bxc3 e6 12. Bd3 h6 13. O-O Be7 14. Rad1 O-O
15. Qe2 a5 16. e4 Bb4 17. e5 Qe7 18. Qe4 g6 19. Qe3 Kg7 20. Be4 Rfd8 21. g3 Be8
22. h4 Bxc3 23. bxc3 b5 24. h5 gxh5 25. Kg2 f5 26. exf6+ Qxf6 27. Rh1 e5 28. Bf3
exd4 29. cxd4 Ra7 30. Bxh5 Re7 31. Qd2 b4 32. Bxe8 Rdxe8 33. Rde1 Rxe1 34. Rxe1
Rxe1 35. Qxe1 Qd6 36. Kf1 Kf7 37. Qd1 Qd5 38. Qc2 h5 39. Ke2 Qb5+ 40. Ke3 a4 41.
Qh7+ Ke6 42. Qg8+ Kd7 43. Qf7+ Kd6 44. Qf8+ Kc7 45. Qe7+ Kb6 46. Qd8+ Kb7 47.
Qd7+ Ka6 48. Qc8+ Ka7 49. Qc7+ Ka6 50. Qc8+ Ka7 51. Qc7+ Ka6 52. Qc8+ 1/2-1/2

[Event "Julius Baer Rapid Div 3 L"]
[Site "chess.com INT"]
[Date "2023.09.01"]
[Round "4.2"]
[White "Bortnyk, Olexandr"]
[Black "Salinas Herrera, Pablo"]
[Result "1-0"]
[WhiteTitle "GM"]
[BlackTitle "GM"]
[WhiteElo "2608"]
[BlackElo "2460"]
[WhiteFideId "14120828"]
[BlackFideId "3407128"]
[EventDate "2023.08.30"]
[EventType "k.o."]

1. e4 e5 2. Bc4 Nf6 3. d3 Nc6 4. Nc3 Na5 5. f4 exf4 6. Bxf4 Bb4 7. e5 Nxc4 8.
dxc4 Ne4 9. Qd4 Nc5 10. Nf3 Ne6 11. Qe4 Nxf4 12. Qxf4 O-O 13. O-O Bxc3 14. bxc3
d6 15. Rad1 Be6 16. exd6 cxd6 17. Rxd6 Qc7 18. Ng5 h6 19. Ne4 Bxc4 20. Nf6+ Kh8
21. Qf5 g6 22. Qf4 Qc5+ 23. Rf2 g5 24. Qe4 1-0

[Event "Julius Baer Rapid Div 3 L"]
[Site "chess.com INT"]
[Date "2023.09.01"]
[Round "4.2"]
[White "Theodorou, Nikolas"]
[Black "Giri, Anish"]
[Result "1-0"]
[WhiteTitle "GM"]
[BlackTitle "GM"]
[WhiteElo "2604"]
[BlackElo "2760"]
[WhiteFideId "4262875"]
[BlackFideId "24116068"]
[EventDate "2023.08.30"]
[EventType "k.o."]

1. Nf3 d5 2. b3 Nf6 3. Bb2 c5 4. e3 e6 5. Rg1 Be7 6. g4 O-O 7. h4 Nc6 8. h5 Ne4
9. d3 Bf6 10. c3 Ng5 11. Nxg5 Bxg5 12. Nd2 d4 13. Qe2 e5 14. Ne4 dxe3 15. fxe3
Bh4+ 16. Kd2 f5 17. gxf5 Bxf5 18. Qg2 Qe7 19. Ba3 b6 20. Be2 Qd7 21. Raf1 Bh3
22. Rxf8+ Rxf8 23. Qh1 Be7 24. Bf3 c4 25. bxc4 Bxa3 26. Ng5 e4 27. Bxe4 Bf5 28.
h6 g6 29. Bd5+ Kh8 30. e4 Bg4 31. Rf1 Nd8 32. Qg1 Ne6 33. Nxe6 Rxf1 34. Qd4+ Kg8
35. Nc5+ Kf8 36. Nxd7+ Bxd7 37. Qh8+ Ke7 38. Qxh7+ Kd8 39. Qg8+ Kc7 40. h7 Rf2+
41. Ke1 1-0

[Event "Julius Baer Rapid Div 3 L"]
[Site "chess.com INT"]
[Date "2023.09.01"]
[Round "4.3"]
[White "Salinas Herrera, Pablo"]
[Black "Bortnyk, Olexandr"]
[Result "0-1"]
[WhiteTitle "GM"]
[BlackTitle "GM"]
[WhiteElo "2460"]
[BlackElo "2608"]
[WhiteFideId "3407128"]
[BlackFideId "14120828"]
[EventDate "2023.08.30"]
[EventType "k.o."]

1. d4 Nf6 2. Nf3 g6 3. Nbd2 d5 4. e3 Bg7 5. b4 a5 6. b5 a4 7. Ba3 c6 8. c4 O-O
9. Qc2 Bf5 10. Qb2 Re8 11. Rc1 Nbd7 12. Be2 e5 13. O-O Ne4 14. cxd5 cxd5 15.
dxe5 Nxe5 16. Nd4 Ng4 17. N2f3 Ne5 18. b6 Nxf3+ 19. Bxf3 Ra6 20. Rc7 Be5 21.
Rfc1 Qh4 22. g3 Qf6 23. Qb5 Raa8 24. Qxd5 Rad8 25. Nxf5 Rxd5 26. Nh6+ Kh8 27.
Nxf7+ Kg8 28. Bxe4 Rd2 29. Nh6+ Kh8 30. Ng4 Qe6 31. Nxe5 Qxe5 32. Bxb7 Qf6 33.
Rf1 Qxb6 34. Rf7 Rxa2 35. Be7 Qe6 36. Bf6+ Kg8 37. Rg7+ Kf8 38. Bd4 Re7 39. Rxe7
Kxe7 40. Rc1 Rd2 41. Bf3 Rxd4 42. exd4 Qb3 43. Bd1 Qb2 44. Rc7+ Kd6 45. Ra7 Qc1 0-1

[Event "Julius Baer Rapid Div 3 L"]
[Site "chess.com INT"]
[Date "2023.09.01"]
[Round "4.3"]
[White "Theodorou, Nikolas"]
[Black "Giri, Anish"]
[Result "1/2-1/2"]
[WhiteTitle "GM"]
[BlackTitle "GM"]
[WhiteElo "2604"]
[BlackElo "2760"]
[WhiteFideId "4262875"]
[BlackFideId "24116068"]
[EventDate "2023.08.30"]
[EventType "k.o."]

1. Nf3 Nf6 2. b3 b6 3. g3 g6 4. Bg2 Bb7 5. Bb2 Bg7 6. O-O O-O 7. d4 c5 8. dxc5
bxc5 9. c4 d6 10. Qc2 Nbd7 11. Nc3 a5 12. a4 Nb8 13. Nb5 Na6 14. Rad1 Nb4 15.
Qc1 Qc8 16. Ne1 Rd8 17. Bxb7 Qxb7 18. Ng2 h5 19. f3 Rd7 20. e4 Rad8 21. Nf4 e5
22. Ng2 Nc6 23. Bc3 Nd4 24. Qb2 Ra8 25. Ne1 Bh6 26. Bxd4 cxd4 27. Nd3 Rc8 28.
Qg2 Be3+ 29. Kh1 Kg7 30. h4 Rdd8 31. Ne1 Bh6 32. Nd3 Be3 33. Kh2 Rc6 34. Ne1 Rb6
35. Nd3 Rc6 36. Rfe1 Rf8 37. c5 d5 38. exd5 Nxd5 39. f4 e4 40. Qxe4 Nf6 41. Qf3
Qa6 42. Kg2 Ng4 43. Qd5 Nf6 44. Qf3 Ng4 45. Re2 Rb8 46. Qd5 Nf6 47. Qf3 Ng4 48.
Ne5 Nxe5 49. fxe5 Rxc5 50. Nxd4 Bxd4 51. Rxd4 Rxb3 1/2-1/2

[Event "Julius Baer Rapid Div 3 L"]
[Site "chess.com INT"]
[Date "2023.09.01"]
[Round "5.1"]
[White "Bortnyk, Olexandr"]
[Black "Andreikin, Dmitry"]
[Result "1-0"]
[WhiteTitle "GM"]
[BlackTitle "GM"]
[WhiteElo "2608"]
[BlackElo "2729"]
[WhiteFideId "14120828"]
[BlackFideId "4158814"]
[EventDate "2023.08.30"]
[EventType "k.o."]

1. e4 e5 2. Nf3 Nc6 3. Bb5 Nf6 4. Nc3 Nd4 5. Ba4 Bc5 6. d3 O-O 7. Bg5 c6 8. Nxe5
Re8 9. Ng4 Nxe4 10. Nxe4 Qxg5 11. O-O Rxe4 12. dxe4 d5 13. Ne3 dxe4 14. Kh1 Ne6
15. Bb3 Nf4 16. g3 Nh3 17. f4 Qe7 18. Qe2 a5 19. a4 Bxe3 20. Qxe3 Bg4 21. Rae1
Re8 22. c3 h5 23. Bd1 Qe6 24. Kg2 Qa2 25. Bxg4 hxg4 26. Qe2 f5 27. Ra1 Qe6 28.
Qe3 Qb3 29. Rad1 Qxb2+ 30. Rd2 Qb3 31. Rfd1 Qxa4 32. Rd7 Qa2+ 33. R1d2 Qb1 34.
Qd4 Re5 35. Rxg7+ Kf8 36. Qd6+ Kxg7 37. Qxe5+ 1-0

[Event "Julius Baer Rapid Div 3 L"]
[Site "chess.com INT"]
[Date "2023.09.01"]
[Round "5.1"]
[White "Giri, Anish"]
[Black "Kamsky, Gata"]
[Result "1/2-1/2"]
[WhiteTitle "GM"]
[BlackTitle "GM"]
[WhiteElo "2760"]
[BlackElo "2641"]
[WhiteFideId "24116068"]
[BlackFideId "2000024"]
[EventDate "2023.08.30"]
[EventType "k.o."]

1. e4 c5 2. Nf3 e6 3. c3 Nf6 4. e5 Nd5 5. d4 cxd4 6. cxd4 b6 7. Bd2 Ba6 8. Nc3
Bxf1 9. Kxf1 Nxc3 10. Bxc3 Na6 11. d5 Bb4 12. dxe6 fxe6 13. Bd4 Nc7 14. a3 Be7
15. h4 O-O 16. g3 Qc8 17. Kg2 Qb7 18. Re1 Rf7 19. Re3 Raf8 20. Rd3 h6 21. Rc1
Nd5 22. Kg1 Bc5 23. Bxc5 bxc5 24. Rxc5 Nb6 25. Rcc3 Qe4 1/2-1/2

[Event "Julius Baer Rapid Div 3 L"]
[Site "chess.com INT"]
[Date "2023.09.01"]
[Round "5.2"]
[White "Andreikin, Dmitry"]
[Black "Bortnyk, Olexandr"]
[Result "1/2-1/2"]
[WhiteTitle "GM"]
[BlackTitle "GM"]
[WhiteElo "2729"]
[BlackElo "2608"]
[WhiteFideId "4158814"]
[BlackFideId "14120828"]
[EventDate "2023.08.30"]
[EventType "k.o."]

1. d4 d6 2. e4 Nf6 3. Nc3 e5 4. Nf3 Nbd7 5. Bc4 Be7 6. O-O O-O 7. Re1 b6 8. a4
a6 9. Bg5 Bb7 10. Qd2 c6 11. Rad1 b5 12. Bb3 Qc7 13. Nh4 b4 14. Nf5 Bd8 15. Nb1
c5 16. dxe5 dxe5 17. Bh6 Bxe4 18. Rxe4 Nxe4 19. Qe2 gxh6 20. Rxd7 Qxd7 21. Qg4+
Bg5 22. Nxh6+ Kh8 23. Qxd7 Rad8 24. Nxf7+ Rxf7 25. Qxd8+ Bxd8 26. Bxf7 Bg5 27.
Kf1 Nd2+ 28. Nxd2 Bxd2 29. Ke2 Bc1 30. b3 Kg7 31. Bc4 a5 32. Kd3 Kf6 33. Bg8 Kg7
34. Bd5 Bg5 35. Kc4 Bd8 36. Kxc5 Kf6 37. Kc4 Bb6 38. Be4 h6 39. c3 bxc3 40. b4
axb4 41. Kxb4 Bxf2 42. Kxc3 h5 43. Kc4 Ke6 44. a5 Kd6 45. a6 Kc7 46. Kb5 Kb8 47.
Bf3 h4 48. Kc4 Ka7 49. Bb7 e4 50. Kc3 e3 51. Kd3 Bg1 52. g4 Bxh2 53. Kxe3 h3 54.
g5 Be5 55. Kf3 h2 56. Kg2 Kb6 57. g6 Ka7 58. Kh1 Kb6 59. Kg2 Ka7 60. Bc8 Kb6 61.
Kh1 Ka7 62. Bd7 Kxa6 63. g7 Bxg7 64. Kxh2 1/2-1/2

[Event "Julius Baer Rapid Div 3 L"]
[Site "chess.com INT"]
[Date "2023.09.02"]
[Round "6.1"]
[White "Le, Tuan Minh"]
[Black "Bortnyk, Olexandr"]
[Result "1/2-1/2"]
[WhiteTitle "GM"]
[BlackTitle "GM"]
[WhiteElo "2559"]
[BlackElo "2608"]
[WhiteFideId "12401153"]
[BlackFideId "14120828"]
[EventDate "2023.08.30"]
[EventType "k.o."]

1. d4 Nf6 2. Nf3 g6 3. g3 Bg7 4. Bg2 O-O 5. c4 d6 6. O-O Bf5 7. b3 a5 8. a3 c6
9. Bb2 Re8 10. Nc3 Ne4 11. Rc1 Nxc3 12. Bxc3 Be4 13. Qd2 a4 14. b4 d5 15. cxd5
Qxd5 16. Nh4 Bxg2 17. Nxg2 Nd7 18. Rfd1 Nb6 19. Qd3 Rad8 20. Qc2 Qb3 21. Qxb3
axb3 22. Rb1 Na4 23. Rxb3 e5 24. e3 exd4 25. Bxd4 Bxd4 26. Rxd4 Rxd4 27. exd4
Rd8 28. Nf4 Rxd4 29. Rd3 1/2-1/2

[Event "Julius Baer Rapid Div 3 L"]
[Site "chess.com INT"]
[Date "2023.09.02"]
[Round "6.1"]
[White "Bok, Benjamin"]
[Black "Kamsky, Gata"]
[Result "1/2-1/2"]
[WhiteTitle "GM"]
[BlackTitle "GM"]
[WhiteElo "2621"]
[BlackElo "2641"]
[WhiteFideId "1017063"]
[BlackFideId "2000024"]
[EventDate "2023.08.30"]
[EventType "k.o."]

1. d4 d5 2. c4 dxc4 3. Nf3 Nf6 4. e3 e6 5. Bxc4 c5 6. O-O a6 7. b3 Nc6 8. dxc5
Qxd1 9. Rxd1 Bxc5 10. Bb2 Ke7 11. Nbd2 Rd8 12. Rac1 b6 13. a3 a5 14. Ng5 Bb7 15.
Nde4 Rxd1+ 16. Rxd1 Nxe4 17. Nxe4 f6 18. Nxc5 bxc5 19. Bb5 Rd8 20. Rxd8 Kxd8 21.
Bc3 Kc7 22. Bxc6 Kxc6 23. Bxa5 Kd7 24. Bc3 Bd5 25. b4 cxb4 26. Bxb4 Bc6 27. f3
e5 28. Kf2 Ke6 29. Ke1 h5 30. h4 g5 31. hxg5 fxg5 32. Kf2 g4 33. e4 gxf3 34.
gxf3 Ba4 35. Be1 Bd1 36. Kg2 Kd6 37. Bh4 Ke6 38. Kf2 Kd6 39. Ke3 Ke6 40. Bg3 Kf6
41. Bh4+ Ke6 42. Bg5 Kd6 43. Bh4 Ke6 1/2-1/2

[Event "Julius Baer Rapid Div 3 L"]
[Site "chess.com INT"]
[Date "2023.09.02"]
[Round "6.2"]
[White "Bortnyk, Olexandr"]
[Black "Le, Tuan Minh"]
[Result "1/2-1/2"]
[WhiteTitle "GM"]
[BlackTitle "GM"]
[WhiteElo "2608"]
[BlackElo "2559"]
[WhiteFideId "14120828"]
[BlackFideId "12401153"]
[EventDate "2023.08.30"]
[EventType "k.o."]

1. e4 e5 2. Nf3 Nc6 3. Bb5 a6 4. Ba4 Bc5 5. Nc3 Nge7 6. Nxe5 Nxe5 7. d4 b5 8.
Bb3 Bxd4 9. Qxd4 d6 10. Qe3 c5 11. Bd5 Nxd5 12. Nxd5 O-O 13. O-O f5 14. Qg3 Nf7
15. b3 fxe4 16. Bb2 Qg5 17. Rae1 Qxg3 18. fxg3 Bd7 19. Rxe4 Rae8 20. Ref4 b4 21.
Bf6 Bb5 22. Rg4 g6 23. Bb2 Ne5 24. Rxf8+ Rxf8 25. Rf4 Rxf4 26. gxf4 Nd7 27. a4
bxa3 28. Bxa3 Kf7 29. Nc7 Be2 30. Nd5 a5 31. Kf2 Bb5 32. Bb2 Bc6 33. Ne3 Nb6 34.
h4 Be4 35. g4 Ke6 36. Bg7 d5 37. c3 Nd7 38. Kg3 Kf7 39. Bh8 Ke6 40. Bg7 Nb8 41.
h5 Nc6 42. Bf8 d4 43. cxd4 cxd4 44. Nc4 Bd5 45. Nd2 gxh5 46. gxh5 Kf5 47. Bc5
Bf7 48. h6 d3 49. Kf3 Nb4 50. Bb6 Nc6 51. Ke3 Bd5 52. Bc7 Kg6 53. Kxd3 Kxh6 54.
Nc4 Kg6 55. Nxa5 Nxa5 56. Bxa5 1/2-1/2

[Event "Julius Baer Rapid Div 3 L"]
[Site "chess.com INT"]
[Date "2023.09.02"]
[Round "6.3"]
[White "Bortnyk, Olexandr"]
[Black "Le, Tuan Minh"]
[Result "1-0"]
[WhiteTitle "GM"]
[BlackTitle "GM"]
[WhiteElo "2608"]
[BlackElo "2559"]
[WhiteFideId "14120828"]
[BlackFideId "12401153"]
[EventDate "2023.08.30"]
[EventType "k.o."]

1. e4 e5 2. Nf3 Nc6 3. Bb5 a6 4. Ba4 Bc5 5. Nc3 Ba7 6. d4 exd4 7. Nd5 h6 8. Bf4
d6 9. Nxd4 Bd7 10. Nf5 Bxf5 11. exf5 Nf6 12. Qe2+ Kf8 13. Nxf6 Qxf6 14. O-O-O b5
15. Qf3 bxa4 16. Qxc6 Rb8 17. c3 Qxf5 18. Qxa4 g5 19. Be3 Bxe3+ 20. fxe3 Qb5 21.
Qc2 Kg7 22. h4 Rhe8 23. Rde1 Re6 24. hxg5 Qxg5 25. Rh3 Rbe8 26. Qf2 Rf6 27. Qe2
a5 28. a4 Re5 29. Rf3 Re4 30. b3 d5 31. Kb2 c5 32. Rxf6 Qxf6 33. Qd3 Qe5 34. Kc2
c4 35. bxc4 Rxc4 36. Rf1 Rxa4 37. Rf5 Qe6 38. Qxd5 Ra2+ 39. Kd3 Qg6 40. g4 Ra1
41. Qe5+ Kg8 42. Qe8+ Kg7 43. Qe5+ Kg8 44. c4 Rd1+ 45. Kc3 a4 46. g5 h5 47. e4
Rd6 48. Qe8+ Kg7 49. Qe5+ Kg8 50. Qe8+ Kg7 51. Qxa4 Qe6 52. Qa7 Rd7 53. Qe3 Qa6
54. Rd5 Qa1+ 55. Kd3 Qd1+ 56. Kc3 Qa1+ 57. Kc2 Qa2+ 58. Kd3 Qb3+ 59. Kd4 Qb6+
60. Kd3 Qb3+ 61. Kd2 Qa2+ 62. Ke1 Re7 63. Qd4+ Kh7 64. Qd3 Qa1+ 65. Kf2 Qh1 66.
Qf3 Qh4+ 67. Ke3 Qe1+ 68. Kd3 Qd1+ 69. Qxd1 Kg6 70. Rd6+ Kxg5 71. Rd5+ Kg6 72.
Qxh5+ Kg7 73. Rg5+ 1-0